000 00682nam a2200193 i 4500
001 18832
003 ES-MaACL
007 t|
008 020320s1995 sp ||||1| spa d
020 _a84-453-1463-7
080 _a929 Drake, Francis
100 1 _aGonzález-Arnao Conde-Luque, Mariano.
_958434
245 1 0 _aDerrota y muerte de sir Francis Drake
_b: a Coruña 1589 - Portobelo 1596 /
_cMariano González-Arnao Conde-Luque.
260 _a[Santiago de Compostela] :
_bXunta de Galicia, Secretaría Xeral de Presidencia,
_c[1995]
300 _a342 p. ;
_c23 cm.
600 1 4 _aDrake, Francis.
_945578
710 1 _aGalicia.
_bJunta.
_94460
852 _aES-MaACL
_jG-6773
_bR.130959
999 _c18832
_d18832